Entorno y artificio (Record no. 179965)
[ view plain ]
| 000 -LEADER | |
|---|---|
| campo de control de longitud fija | 01022nam a2200325 i 4500 |
| 001 - NÚMERO DE CONTROL | |
| campo de control | 179965 |
| 003 - IDENTIFICADOR DE NÚMERO DE CONTROL | |
| campo de control | ES-MaACL |
| 005 - FECHA Y HORA DE LA ÚLTIMA TRANSACCIÓN | |
| campo de control | 20250812080618.0 |
| 008 - DATOS DE LONGITUD FIJA--INFORMACIÓN GENERAL | |
| campo de control de longitud fija | 120307s2008 sp |||| | spa d |
| 020 ## - NÚMERO INTERNACIONAL ESTÁNDAR DEL LIBRO | |
| Número Internacional Estándar del Libro | 978-84-935658-7-9 |
| 080 ## - NÚMERO DE LA CLASIFICACIÓN DECIMAL UNIVERSAL | |
| Número de la Clasificación Decimal Universal | 316.3(0:7) |
| 080 ## - NÚMERO DE LA CLASIFICACIÓN DECIMAL UNIVERSAL | |
| Número de la Clasificación Decimal Universal | 316.3(0:82) |
| 080 ## - NÚMERO DE LA CLASIFICACIÓN DECIMAL UNIVERSAL | |
| Número de la Clasificación Decimal Universal | 7.036 |
| 080 ## - NÚMERO DE LA CLASIFICACIÓN DECIMAL UNIVERSAL | |
| Número de la Clasificación Decimal Universal | 82.09"19" |
| 100 1# - ENTRADA PRINCIPAL--NOMBRE DE PERSONA | |
| Nombre de persona | Febrer Fernández, Nieves, |
| Fechas asociadas al nombre | 1977- |
| 9 (RLIN) | 149550 |
| 245 10 - MENCIÓN DEL TÍTULO | |
| Título | Entorno y artificio |
| Resto del título | : imágenes de lo cotidiano / |
| Mención de responsabilidad, etc. | Nieves Febrer. |
| 250 ## - MENCION DE EDICION | |
| Mención de edición | 1ª ed. |
| 260 ## - PUBLICACIÓN, DISTRIBUCIÓN, ETC. | |
| Lugar de publicación, distribución, etc. | Madrid : |
| Nombre del editor, distribuidor, etc. | Antígona, |
| Fecha de publicación, distribución, etc. | 2008. |
| 300 ## - DESCRIPCIÓN FÍSICA | |
| Extensión | 305 p. ; |
| Dimensiones | 21 cm. |
| 490 1# - MENCIÓN DE SERIE | |
| Mención de serie | Crítica ; |
| Designación de volumen o secuencia | 1 |
| 504 ## - NOTA DE BIBLIOGRAFÍA, ETC. | |
| Nota de bibliografía, etc. | Bibliografía: p. 291-305. |
| 650 #7 - PUNTO DE ACCESO ADICIONAL DE MATERIA--TÉRMINO DE MATERIA | |
| Término de materia o nombre geográfico como elemento de entrada | Arte y sociedad |
| Fuente del encabezamiento o término | embne |
| 9 (RLIN) | 177489 |
| 650 07 - PUNTO DE ACCESO ADICIONAL DE MATERIA--TÉRMINO DE MATERIA | |
| Término de materia o nombre geográfico como elemento de entrada | Literatura y sociedad |
| Fuente del encabezamiento o término | embne |
| 9 (RLIN) | 14679 |
| 650 #7 - PUNTO DE ACCESO ADICIONAL DE MATERIA--TÉRMINO DE MATERIA | |
| Término de materia o nombre geográfico como elemento de entrada | Arte- |
| Subdivisión cronológica | S.XX |
| Fuente del encabezamiento o término | |
| 9 (RLIN) | 141916 |
| 650 #4 - PUNTO DE ACCESO ADICIONAL DE MATERIA--TÉRMINO DE MATERIA | |
| Término de materia o nombre geográfico como elemento de entrada | Literatura- |
| Subdivisión cronológica | S.XX- |
| Subdivisión general | Historia y crítica. |
| 9 (RLIN) | 139829 |
| 830 00 - PUNTO DE ACCESO ADICIONAL DE SERIE-TÍTULO UNIFORME | |
| Título uniforme | Crítica |
| Designación de volumen o secuencia | 1 |
| 9 (RLIN) | 187746 |
| 852 ## - LOCALIZACIÓN | |
| Ubicación | ES-MaACL |
| Número de control de estantería | A-12016 |
| itemnumber | 186872 |
| Sublocalización o colección | R.145167 |
| Ubicación en estantería | Depósito 1 |
| Signatura antigua | Olim: N-5021 |
| 942 ## - ELEMENTOS DE ENTRADA SECUNDARIOS (KOHA) | |
| Fuente del sistema de clasificación o colocación | Clasificación decimal universal |
| Tipo de ítem Koha | Libro impreso |
| Estatus retirado | Estado de pérdida | Fuente del sistema de clasificación o colocación | Estado de daño | No para préstamo | Biblioteca de origen | Biblioteca actual | Ubicación en estantería | Fecha de adquisición | Fuente de adquisición | Total de préstamos | Signatura topográfica completa | Código de barras | Visto por última vez | Precio de reemplazo | Tipo de ítem Koha |
|---|---|---|---|---|---|---|---|---|---|---|---|---|---|---|---|
| Clasificación decimal universal | Biblioteca del Ateneo de Madrid | Biblioteca del Ateneo de Madrid | Depósito 1 | 07/03/2012 | Donación | A-12016 | 1189069 | 23/02/2023 | 23/02/2023 | Libro impreso |
